Lazarillo de Tormes / (Registro nro. 3477)

Detalles MARC
000 -LEADER
fixed length control field 01007nam a2200253Ia 4500
003 - CONTROL NUMBER IDENTIFIER
control field OSt
005 - DATE AND TIME OF LATEST TRANSACTION
control field 20250415164316.0
008 - FIXED-LENGTH DATA ELEMENTS--GENERAL INFORMATION
fixed length control field 191128s1998 sp er 000 f spa d
020 ## - INTERNATIONAL STANDARD BOOK NUMBER
International Standard Book Number 8408028820
040 ## - CATALOGING SOURCE
Original cataloging agency CO-JMCR
Transcribing agency CO-JMCR
041 0# - LANGUAGE CODE
Language code of text/sound track or separate title spa
082 04 - DEWEY DECIMAL CLASSIFICATION NUMBER
Classification number A-N
Item number LAZl
Edition number 23
245 10 - TITLE STATEMENT
Title Lazarillo de Tormes /
Statement of responsibility, etc. Anónimo ; edición, introducción y notas de Francisco Rico
250 ## - EDITION STATEMENT
Edition statement Primera edición
260 ## - PUBLICATION, DISTRIBUTION, ETC.
Place of publication, distribution, etc. Barcelona :
Name of publisher, distributor, etc. Planeta,
Date of publication, distribution, etc. 1998
300 ## - PHYSICAL DESCRIPTION
Extent lxxxi, 119 páginas ;
Dimensions 19 cm.
490 0# - SERIES STATEMENT
Series statement Clásicos Universales Planeta ;
Volume/sequential designation 27
500 ## - GENERAL NOTE
General note Incluye notas a pie de página.
520 ## - SUMMARY, ETC.
Summary, etc. Lázaro, hijo de un ladrón y acemilero, queda huérfano en Salamanca. Estará al servicio de diferentes amos (un ciego, un hidalgo arruinado, un clérigo avaricioso, un fraile de la Merced, un burlero farsante, etc.), y ejercerá varios oficios.
650 14 - SUBJECT ADDED ENTRY--TOPICAL TERM
Topical term or geographic name entry element Novela española.
9 (RLIN) 1099
650 24 - SUBJECT ADDED ENTRY--TOPICAL TERM
Topical term or geographic name entry element Literatura española.
9 (RLIN) 555
700 1# - ADDED ENTRY--PERSONAL NAME
Personal name Rico, Francisco,
Relator term editor
9 (RLIN) 1100
942 ## - ADDED ENTRY ELEMENTS (KOHA)
Source of classification or shelving scheme Dewey Decimal Classification
Koha item type Books
Existencias
Withdrawn status Lost status Source of classification or shelving scheme Damaged status Not for loan Home library Current library Shelving location Date acquired Source of acquisition Cost, normal purchase price Total Checkouts Total Renewals Full call number Barcode Date last seen Date last checked out Copy number Price effective from Koha item type
    Dewey Decimal Classification     Biblioteca Pública José María del Castillo y Rada Biblioteca Pública José María del Castillo y Rada Processing Center 06/18/2018 Donación 0.00 9 4 A-N LAZl1 201807329 04/29/2024 04/29/2024 Ej.1 11/28/2019 Books